LEADER 01132nam--2200361---450 001 990001455050203316 005 20200612062953.0 010 $a88-7812-044-8 035 $a000145505 035 $aUSA01000145505 035 $a(ALEPH)000145505USA01 035 $a000145505 100 $a20040226d1998----km-y0enga50------ba 101 $aita 102 $aIT 105 $a||||||||001yy 200 1 $a<> biblioteca, il cittadino, la cittą$eatti del 42. Congresso nazionale dell'Associazione italiana biblioteche$eTrieste, 27-28-29 novembre 1996$fa cura di Romano Vecchiet 210 $aRoma$cAssociazione Italiana Biblioteche$d1998 215 $a215 p.$d22 cm 410 0$12001 454 1$12001 461 1$1001-------$12001 606 0 $aBiblioteche$xCongressi$yTrieste$z1996 676 $a027.4 702 1$aVECCHIET,$bRomano 710 02$aAssociazione italiana biblioteche$0104838 801 0$aIT$bsalbc$gISBD 912 $a990001455050203316 951 $aXIII D 371$b173463 L.M.$cXIII D$d00133121 959 $aBK 969 $aUMA 996 $aBiblioteca, il cittadino, la cittą$9936104 997 $aUNISA LEADER 01730oas 2200601 a 450 001 9910134562803321 005 20251106213014.0 011 $a1609-1167 035 $a(OCoLC)55042905 035 $a(CONSER) 2004257060 035 $a(CKB)110992357387976 035 $a(EXLCZ)99110992357387976 100 $a20040428b19932005 sy 101 0 $aeng 135 $aurcn||||||||| 181 $ctxt$2rdacontent 182 $cc$2rdamedia 183 $acr$2rdacarrier 200 10$aDiffusion 210 $aGrand-Saconnex (Geneva), Switzerland $cEuropean Broadcasting Union 311 08$a1021-3457 517 1 $aDiffusion EBU 606 $aTelevision broadcasting$zEurope$vPeriodicals 606 $aRadio broadcasting$zEurope$vPeriodicals 606 $aPublic broadcasting$zEurope$vPeriodicals 606 $aPublic broadcasting$2fast$3(OCoLC)fst01082080 606 $aRadio broadcasting$2fast$3(OCoLC)fst01087224 606 $aTelevision broadcasting$2fast$3(OCoLC)fst01146714 607 $aEurope$2fast$1https://id.oclc.org/worldcat/entity/E39PBJxCxPbbk4CPJDQJb4r6rq 608 $aPeriodicals.$2fast 615 0$aTelevision broadcasting 615 0$aRadio broadcasting 615 0$aPublic broadcasting 615 7$aPublic broadcasting. 615 7$aRadio broadcasting. 615 7$aTelevision broadcasting. 712 02$aEuropean Broadcasting Union 801 0$bINU 801 1$bINU 801 2$bOCLCQ 801 2$bINU 801 2$bLGG 801 2$bOCLCQ 801 2$bINU 801 2$bOCLCQ 801 2$bOCLCF 801 2$bOCLCQ 801 2$bOCLCL 801 2$bOCLCQ 906 $aJOURNAL 912 $a9910134562803321 996 $aDIFFUSION$9134703 997 $aUNINA